| 000 | 00571nam a2200169Ia 4500 | ||
|---|---|---|---|
| 008 | 150610s9999 xx 000 0 und d | ||
| 020 | _a9780316056281 | ||
| 050 |
_a BF637 _b.S8 G58 2009 |
||
| 100 | _aGladwell, Malcolm | ||
| 245 |
_aOutliers: _bthe story of success / _cMalcolm Gladwell. |
||
| 250 | _aFirst international mass market edition. | ||
| 260 |
_aNew York : _bBack Bay Books, _c2009. |
||
| 300 |
_a365pages ; _c18 cm. |
||
| 504 | _aOriginally published: New York : Little, Brown and Company, c2008. | ||
| 520 | _aSuccessful people. | ||
| 650 | _xSuccess. | ||
| 999 |
_c288112 _d288112 |
||